Statystyki dla Które Państwo ma na fladze..

Kliknij tutaj aby rozwiązać quiz!

Ogólne statystyki

  • Ten quiz został rozwiązany 296 razy
  • Średni wynik to 5 z 11

Statystyki odpowiedzi

RzeczPaństwo% Poprawnych
Liść klonuKanada
93%
DrzewoLiban
75%
Smok bez skrzydełBhutan
54%
TrójząbBarbados
48%
Dwa kluczeWatykan
47%
Karabin Ak-47Mozambik
44%
Napis w ich językuIrak
33%
BudynekKambodża
33%
Trzy rombySaint vincent
20%
12 gwiazdUzbekistan
6%
Tradycyjny kapeluszLesotho
5%

Rozkład punktacji

Percentyl według liczby udzielonych odpowiedzi

Procent ludzi z każdym wynikiem

Twoja historia wyników

Nie rozwiązałeś tego quizu